| 000 | 01119nam a2200289 a 4500 | ||
|---|---|---|---|
| 001 | 000014885 | ||
| 005 | 20200929163922.0 | ||
| 008 | 100127s2009 dr 000 0 spa d | ||
| 020 | _a9789945163094 | ||
| 040 |
_aDO-SdBNP _bspa _cBNPHU |
||
| 082 |
_a248.83 _bG934r |
||
| 100 | 1 |
_aGuerrero García, José Elías _933716 |
|
| 245 | 1 | 0 |
_aRetos & desafíos jóvenes pre y universitarios / _cJosé Elías Guerreo ; prólogo Martha Minaya de Aybar. |
| 260 |
_aSanto Domingo : _bBúho, _c2009. |
||
| 300 |
_a295 p. ; _c22 cm. |
||
| 500 | _aPastor iglesia Bíblica Cristiana | ||
| 500 | _aBasados en valores éticos y principios morales. | ||
| 500 | _aIncluye datos biográficos del autor en la solapa de la cubierta. | ||
| 504 | _aIncluye bibliografía y notas al pie de páginas. | ||
| 504 | _aBibliografía: p.294-295. | ||
| 590 | _aInventariado, 2018/ YL | ||
| 650 | 4 |
_aEducación cristiana de jovenes _933717 |
|
| 650 | 4 |
_aJovenes _xCondiciones sociales _91113 |
|
| 650 | 4 |
_aTrabajo social con jovenes _933718 |
|
| 700 | 1 |
_aMinaya de Aybar, Martha, _epról. _933719 |
|
| 910 | _aValidado. Control de calidad EMS | ||
| 999 |
_c14465 _d14465 |
||